| 000 | 03471nam0a2200385 4500 | ||
|---|---|---|---|
| 001 | RU\NLR\BIBL_A\012928829 | ||
| 005 | 20221229181156.0 | ||
| 010 |
_a978-5-91867-230-3 _9100 |
||
| 021 |
_aRU _bКН-П-22-065677 _9КН-П-22-5699 |
||
| 035 | _a(NLR Aleph) 012928829 | ||
| 035 | _a(RuMoRGB)011231507 | ||
| 090 |
_a12667691 _c12667691 |
||
| 100 | _a20221101d2022 u y0rusy50 ca | ||
| 101 | 0 | _arus | |
| 102 | _aRU | ||
| 105 | _aa z 000zy | ||
| 181 | 0 |
_ai _baxxe |
|
| 182 | 0 | _an | |
| 200 | 1 |
_aЧисленные методы _eучебно-методическое пособие _eдля студентов по направлению подготовки 09.03.02 Информационные системы и технологии, а также для аспирантов, обучающихся по специальности 1.2.2 - "Математическое моделирование, численные методы и комплексы программ" _fДепартамент образования и молодежной политики Ханты-Мансийского автономного округа-Югры, Б. У. ВО "Сургутский государственный университет", Политехнический институт, Кафедра информатики и вычислительной техники _gсоставители С. А. Лысенкова, С. Г. Еловой |
|
| 203 |
_aТекст _bвизуальный _cнепосредственный |
||
| 205 | _a2-е изд., перераб. и доп. | ||
| 210 |
_aСургут _cИзд-во ООО "Порто-принт" _d2022 |
||
| 215 |
_a46 с. _cил., табл. _d21 |
||
| 313 | _a1-е изд. 2020 г. | ||
| 330 | _aПриведена теория и примеры по темам "Численные методы решения нелинейных уравнений", "Численные методы решения систем линейных алгебраических уравнений", "Аппроксимация экспериментальных данных", "Численное интегрирование", "Численное решение дифференциальных уравнений". Рекомендуется для использования студентами по направлению подготовки 09.03.02 Информационные системы и технологии, a также для аспирантов, обучающихся по специальности 1.2.2. - "Математическое моделирование, численные методы и комплексы программ" | ||
| 606 | 1 |
_aЧисленный анализ _jУчебно-методические пособия для высших учебных заведений _2nlr_sh1 _2nlr_sh2 _3RU\NLR\AUTH\6621023 |
|
| 675 |
_a519.642(075.8) _v4 |
||
| 686 | 1 | _aВ192.1я73-1 | |
| 702 | 1 |
_aЛысенкова _bС. А. _gСветлана Александровна _4220 |
|
| 712 | 0 | 2 |
_aСургутский государственный университет _bПолитехнический институт _bКафедра информатики и вычислительной техники _3RU\NLR\AUTH\880528706 _4570 |
| 942 | _cBOOK | ||
| 980 | _aNB | ||